000 00282nam a22001337a 4500
008 171215b xxu||||| |||| 00| 0 eng d
020 _a9780070328600
041 _aeng
080 _a070
100 _a39
101 _aMED
245 _aTIME TO GROW
_cDAVID.TH
942 _2udc
_cBK
999 _c39035
_d39035